000 00603nam a2200241 a 4500
001 0001-1031
003 ELIB.Books
008 141112 2010 eng
020 _a0316726613
035 _a(ELIB.Books)0001-1185
092 _aFic
_bAlb
100 _aAlbom, Mitch
245 _aThe Five People You Meet in Heaven
260 _aLondon
_bLittle, Brown
_c2003
300 _a208
_c19.7 Cm
500 _aTaylor, Saw/ Library
650 _aFiction
856 _nKBTS; Library
_uKBTS; Elib.
942 _2ddc
_cBK
990 _a3
998 _cbat
_e2014-11-12
999 _c11031
_d11031